The Encyclopedia of Furniture (Record no. 4466)

MARC details
000 -CABECERA
campo de control de longitud fija 01090nam a2200289 a 4500
001 - NÚMERO DE CONTROL
campo de control BRCA_4769
005 - FECHA Y HORA DE LA ÚLTIMA TRANSACCIÓN
campo de control 20190320204809.0
008 - DATOS DE LONGITUD FIJA--INFORMACIÓN GENERAL
campo de control de longitud fija 011010s1965----u--a######---#000-0#eng-#
041 ## - CÓDIGO DE LENGUA
Código de lengua del texto/banda sonora o título independiente eng
044 ## - CÓDIGO DEL PAÍS DE LA ENTIDAD EDITORA/PRODUCTORA
Código MARC del país u
050 #4 - SIGNATURA TOPOGRÁFICA DE LA BIBLIOTECA DEL CONGRESO
Número de clasificación NK2205
Número de documento/Ítem .A76 3
-- 1965
100 1# - ENTRADA PRINCIPAL--NOMBRE DE PERSONA
Nombre de persona Aronson, Joseph
9 (RLIN) 11877
245 10 - MENCIÓN DE TÍTULO
Título The Encyclopedia of Furniture
Mención de responsabilidad, etc. by Joseph Aronson.
250 ## - MENCIÓN DE EDICIÓN
Mención de edición 3
260 ## - PUBLICACIÓN, DISTRIBUCIÓN, ETC.
Lugar de publicación, distribución, etc. Estados Unidos de América
Nombre del editor, distribuidor, etc. Crown
Fecha de publicación, distribución, etc. 1965
300 ## - DESCRIPCIÓN FÍSICA
Extensión ix, 484 p.
Otras características físicas il.
Dimensiones 29 cm.
500 ## - NOTA GENERAL
Nota general Incluye un glosario de los diseñadores y artesanos
500 ## - NOTA GENERAL
Nota general Enciclopedia inventariada por Banco de México como libro
500 ## - NOTA GENERAL
Nota general La biblioteca cuenta con un 2do ejemplar (Gran Bretaña, 1966) donado por el Lic. Héctor Rivero B. (17 noviembre, 2010) y se encuentra en el Área de Investigación
500 ## - NOTA GENERAL
Nota general Ver también D53 (4a reimp. 1941), Y125 (12a reimp. 1947) y 3127 (14a reimp. 1949)
500 ## - NOTA GENERAL
Nota general Y187
504 ## - NOTA DE BIBLIOGRAFÍA, ETC.
Nota de bibliografía, etc. Bibliografía: p. 476-479
650 14 - PUNTO DE ACCESO ADICIONAL DE MATERIA--TÉRMINO DE MATERIA
Término de materia o nombre geográfico como elemento de entrada Muebles
Subdivisión de forma Diccionarios
9 (RLIN) 11878
650 14 - PUNTO DE ACCESO ADICIONAL DE MATERIA--TÉRMINO DE MATERIA
Término de materia o nombre geográfico como elemento de entrada Decoración y ornamentación
Subdivisión de forma Diccionarios
9 (RLIN) 1977
902 ## - CATALOGADOR
Iniciales GFM
942 ## - ELEMENTOS DE PUNTO DE ACCESO ADICIONAL (KOHA)
Fuente del sistema de clasificación o colocación Library of Congress Classification
Tipo de ítem Koha Libros
Holdings
Estado de retiro Estado de pérdida Estado dañado No para préstamo Localización permanente Ubicación/localización actual Fecha de adquisición Número de inventario Total de préstamos Signatura topográfica completa Código de barras Fecha visto por última vez Precio válido a partir de Tipo de ítem Koha
El ejemplar forma parte de la colección y puede ser consultado según las políticas vigentes.       Biblioteca del Museo Franz Mayer (Rogerio Casas-Alatriste) Biblioteca del Museo Franz Mayer (Rogerio Casas-Alatriste) 08/10/2010 Y187   NK2205 .A76 3 1965 (Y187) 4795 22/03/2019 22/03/2019 Libros